Die 4 größten Städte pro Bundesland (Österreich) - Statistiken

Allgemein
  • Dieses Quiz wurde 51 mal gespielt
  • Das Durchschnittsergebnis liegt bei 20 aus 36
Antwortstatistiken
Einwohner Städte % Korrekt
132.188 Innsbruck
96%
302.749 Graz
93%
157.399 Salzburg
93%
211.944 Linz
91%
104.866 Klagenfurt am Wörthersee
87%
29.643 Bregenz
84%
16.037 Eisenstadt
84%
58.856 St. Pölten
84%
51.876 Dornbirn
76%
36.384 Feldkirch
76%
65.600 Villach
76%
48.517 Wiener Neustadt
71%
65.287 Wels
69%
20.169 Kufstein
67%
24.605 Leoben
64%
8.945 Neusiedl am See
58%
25.084 Wolfsberg
58%
21.540 Hallein
56%
220.324 Favoriten
51%
38.034 Steyr
51%
25.923 Baden
49%
7.527 Mattersburg
49%
15.750 Bruck an der Mur
44%
186.233 Floridsdorf
44%
28.115 Klosterneuburg
44%
8.019 Oberwart
44%
15.269 Spittal an der Drau
44%
22.080 Kapfenberg
40%
29.096 Leonding
36%
17.273 Saalfelden am Steinernen Meer
36%
220.794 Donaustadt
31%
24.223 Lustenau
29%
121.303 Liesing
22%
13.515 Feldbach
20%
16.244 Telfs
18%
14.374 Wals-Siezenheim
11%
Keine übereinstimmenden Quizze gefunden
Verteilung der Resultate
Anzahl Personen mit jedem Resultat
Perzentil nach korrekt beantworteten Fragen
Ihre Resultats-Entwicklung
Sie haben dieses Quiz noch nicht gespielt